Statistics for Movie Logos

Click here to take the quiz!

General Stats

  • This quiz has been taken 29,273 times
  • The average score is 13 of 16

Answer Stats

Answer% Correct
Jurassic Park
97%
Ghostbusters
97%
Toy Story
95%
Finding NEmo
95%
Harry Potter
95%
The Avengers
90%
Cars
89%
The Incredibles
88%
Monsters Inc
88%
Moana
85%
Home Alone
82%
The Hunger Games
80%
The Godfather
67%
A Clockwork Orange
54%
Top Gun
49%
V For Vendetta
46%

Score Distribution

Percentile by Number Answered

Percent of People with Each Score

Your Score History

You have not taken this quiz